Advanced research methods/ (Record no. 8418)

MARC details
000 -LEADER
fixed length control field 00610nam a22002057a 4500
003 - CONTROL NUMBER IDENTIFIER
control field OSt
005 - DATE AND TIME OF LATEST TRANSACTION
control field 20260216054708.0
008 - FIXED-LENGTH DATA ELEMENTS--GENERAL INFORMATION
fixed length control field 260216b |||||||| |||| 00| 0 eng d
020 ## - INTERNATIONAL STANDARD BOOK NUMBER
International Standard Book Number 978-621-406-369-7
040 ## - CATALOGING SOURCE
Original cataloging agency DWC-Main lib
Transcribing agency OC
082 ## - DEWEY DECIMAL CLASSIFICATION NUMBER
Classification number Fil. 001.4 A117a 2024
100 ## - MAIN ENTRY--PERSONAL NAME
Personal name Abante, Marmelo V.
245 ## - TITLE STATEMENT
Title Advanced research methods/
Statement of responsibility, etc. Marmelo V. Abante
260 ## - PUBLICATION, DISTRIBUTION, ETC.
Place of publication, distribution, etc. Manila, Philippines:
Name of publisher, distributor, etc. Mindshapers CO., Inc.,
Date of publication, distribution, etc. c2024.
300 ## - PHYSICAL DESCRIPTION
Extent vi,
Other physical details 230 pages;
Dimensions 25 cm.
650 ## - SUBJECT ADDED ENTRY--TOPICAL TERM
Topical term or geographic name entry element 1. Research
700 ## - ADDED ENTRY--PERSONAL NAME
Personal name Jesus P. Briones
700 ## - ADDED ENTRY--PERSONAL NAME
Personal name Florida G. Vigonte
942 ## - ADDED ENTRY ELEMENTS (KOHA)
Source of classification or shelving scheme Dewey Decimal Classification
Koha item type Book-Filipiniana
Call number prefix Fil.
Suppress in OPAC No
952 ## - LOCATION AND ITEM INFORMATION (KOHA)
--
952 ## - LOCATION AND ITEM INFORMATION (KOHA)
--
Holdings
Withdrawn status Lost status Source of classification or shelving scheme Damaged status Not for loan Home library Current library Shelving location Date acquired Source of acquisition Cost, normal purchase price Total Checkouts Full call number Barcode Date last seen Copy number Price effective from Koha item type Uniform Resource Identifier
    Dewey Decimal Classification     College Library College Library Filipiniana 10/02/2025 School Fund 443.70   Fil. 001.4 A117a 2024 CL54572 02/16/2026 c1 02/16/2026 BK - FIL
    Dewey Decimal Classification     College Library College Library Filipiniana 10/02/2025 School Fund 443.70   Fil. 001.4 A117a 2024 CL54573 02/16/2026 c2 02/16/2026 BK - FIL